000 00685nam a22002297a 4500
005 20170124105939.0
010 _aA-387002
020 _c00.00
_a8170412536
035 _aA-387002
037 _bCen Lib/Ret
040 _aDPL
_bEN
082 _a304.6
100 _aPande,G.C.
_910864
245 _aPrinciples of demography /
_cby G.C.Pande
260 _aNew Delhi
_bAnmol publications
_c1990
270 _a4378/4B,Ansari road Darya Ganj
_bNew Delhi
_e110002
300 _axv,316p.
_c20cm(Hb)
500 _aIncludes bibliographical reference and index
650 _aEconomics
_910865
650 _aEconomics- Demography
_910866
942 _2ddc
_cEN
_h304.6
_mPAN
999 _c124468
_d124468